000
00283 a2200145 4500
001
154866
040
_c
Escola São Tomás de Aquino
240
1
0
_a
Física
_l
por
245
1
0
_a
Física
300
_a
464
362
0
_a
1997
440
1
_a
Ática
697
_a
FÍSICA
942
_c
BK
999
_c
154866
_d
154866